[Event "St Petersburg Korchnoi Memorial op"]
[Site "St Petersburg"]
[Date "2024.08.20"]
[Round "6"]
[White "Malin, Denis Sergeevich"]
[Black "Zadorozhy, Egor"]
[Result "0-1"]
[WhiteElo "2050"]
[BlackElo "1839"]
[PlyCount "118"]
[EventDate "2024.08.17"]
[EventType "swiss"]
[EventRounds "9"]
[EventCountry "RUS"]
[SourceTitle "EXT 2025"]
[Source "ChessBase"]
[SourceDate "2024.10.14"]
[SourceVersion "1"]
[SourceVersionDate "2024.10.14"]
[SourceQuality "1"]

1. d4 Nf6 2. c4 e6 3. Nc3 Bb4 4. Bg5 c5 5. d5 Bxc3+ 6. bxc3 h6 7. Bh4 d6 8. f3 0-0 9. e4 e5 10. Bd3 Nbd7 11. Ne2 Re8 12. 0-0 g5 13. Bf2 Nh5 14. g3 Nf8 15. Be3 Ng6 16. Kh1 Qd7 17. Ng1 Kg7 18. Rb1 Qe7 19. Rb2 Kh7 20. Rbf2 Ng7 21. f4 f6 22. fxg5 fxg5 23. Rf7 Qd8 24. Qh5 Nh8 25. Bxg5 Nxf7 26. Rxf7 Qxg5 27. Rxg7+ Kxg7 28. Qxe8 Qf6 29. Be2 Qf8 30. Qh5 Bd7 31. Bg4 Be8 32. Qh3 Bg6 33. Bf5 Bxf5 34. exf5 Qf6 35. Nf3 Re8 36. Qg4+ Kh7 37. Qe4 Rf8 38. Nh4 Rf7 39. Kg2 h5 40. Kf2 Qg5 41. Ke2 Qg4+ 42. Ke3 Qxe4+ 43. Kxe4 Kh6 44. Nf3 Rf8 45. Nh4 Kg5 46. h3 Rf7 47. a4 b6 48. Nf3+ Kf6 49. Nh4 Rg7 50. Ng6 Rg8 51. Kf3 Rg7 52. Ke4 a6 53. g4 hxg4 54. hxg4 Rxg6 55. fxg6 Kxg6 56. Kf3 Kg5 57. Kg3 e4 58. Kh3 Kf4 59. Kh4 e3 0-1